[Event "COL-ch U1700"]
[Site "Pereira"]
[Date "2019.03.24"]
[Round "7"]
[White "Rojas Morales, Jose Arley"]
[Black "Vanegas, Carlos Arturo"]
[Result "0-1"]
[WhiteElo "1600"]
[BlackElo "1692"]
[PlyCount "174"]
[EventDate "2019.03.21"]
[EventType "swiss"]
[EventRounds "9"]
[EventCountry "COL"]
[SourceTitle "CBM 189 Extra"]
[Source "ChessBase"]
[SourceDate "2019.06.03"]
[SourceVersion "1"]
[SourceVersionDate "2019.06.03"]
[SourceQuality "1"]

1. d4 d5 2. Nf3 Nf6 3. c3 c6 4. Bg5 Bg4 5. Nbd2 Nbd7 6. Qc2 Bxf3 7. exf3 e6 8. Bd3 Be7 9. Bxf6 Nxf6 10. a3 a6 11. b4 a5 12. 0-0 0-0 13. Rfe1 Bd6 14. Nf1 g6 15. g3 b6 16. f4 Qc8 17. Reb1 c5 18. bxc5 bxc5 19. Qe2 c4 20. Bc2 Rb8 21. Rxb8 Qxb8 22. Rb1 Qc7 23. a4 Rb8 24. Qe1 Rxb1 25. Qxb1 Qb8 26. Qc1 Nd7 27. Ne3 Kg7 28. Kg2 Qf8 29. h4 Ba3 30. Qh1 Nf6 31. Qb1 Qd8 32. Qb5 h5 33. Nf1 Ne8 34. Nh2 Nd6 35. Qb1 Nc8 36. Nf3 Qb6 37. Qe1 Bd6 38. Ng5 Be7 39. Nf3 Qb2 40. Bd1 Bf6 41. Ng1 Nb6 42. Ne2 Qa1 43. Qd2 Nxa4 44. Bxa4 Qxa4 45. Qb2 Qb3 46. Qd2 a4 47. Nc1 Qb1 48. Kf3 a3 49. Ke2 Qb2 50. Kd1 Bd8 51. Qc2 Ba5 52. Na2 Qb3 53. Kd2 Kf8 54. Nc1 Qb2 55. Na2 Qb3 56. Nc1 Qb5 57. Na2 Ke7 58. Nc1 Kd6 59. Ne2 Kc6 60. f3 Qb3 61. Nc1 Qb2 62. Na2 Qb5 63. Nc1 f5 64. Ne2 Qb3 65. Nc1 Qb2 66. Na2 Qb3 67. Nc1 Qb5 68. Ne2 Kb7 69. Nc1 Ka6 70. Ne2 Qb3 71. Nc1 Qb2 72. Ne2 Qb3 73. Nc1 Qb5 74. Ne2 Qb6 75. Kd1 Qb3 76. Kc1 Kb5 77. Qb1 Ka4 78. Qa1 a2 79. g4 fxg4 80. fxg4 hxg4 81. f5 exf5 82. Qb2 Qa3 83. Kc2 a1Q 84. Qxa1 Qxa1 85. Kd2 Qb2+ 86. Ke3 Qxe2+ 87. Kxe2 Bxc3 0-1

[Event "COL-ch U1700"]
[Site "Pereira"]
[Date "2019.03.23"]
[Round "5"]
[White "Dabraccio, Guillermo"]
[Black "Vanegas, Carlos Arturo"]
[Result "0-1"]
[WhiteElo "1615"]
[BlackElo "1692"]
[PlyCount "102"]
[EventDate "2019.03.21"]
[EventType "swiss"]
[EventRounds "9"]
[EventCountry "COL"]
[SourceTitle "CBM 189 Extra"]
[Source "ChessBase"]
[SourceDate "2019.06.03"]
[SourceVersion "1"]
[SourceVersionDate "2019.06.03"]
[SourceQuality "1"]

1. Nf3 c6 2. d4 d5 3. Bf4 Nf6 4. Nbd2 e6 5. e3 Be7 6. h3 b6 7. Bd3 Bb7 8. Ne5 Nbd7 9. 0-0 0-0 10. Qf3 Rc8 11. c3 c5 12. g4 Nxe5 13. dxe5 Nd7 14. g5 Re8 15. Bxh7+ Kxh7 16. Qh5+ Kg8 17. g6 fxg6 18. Qxg6 Nf8 19. Qg4 Qd7 20. Kh2 Bd8 21. Rg1 Rc7 22. Bh6 Re7 23. Rad1 Qe8 24. h4 Qf7 25. Qg3 Kh7 26. Bg5 Red7 27. Bxd8 Rxd8 28. Ne4 Kh8 29. Qg5 Rb8 30. Nd6 Qe7 31. Qh5+ Nh7 32. Rg3 Rg8 33. Rg6 Bc6 34. Qg4 Be8 35. h5 Bxg6 36. hxg6 Qg5 37. Qxg5 Nxg5 38. Kg3 Rf8 39. f4 Ne4+ 40. Nxe4 dxe4 41. Rd6 Re8 42. c4 Kg8 43. Kg4 Kf8 44. f5 exf5+ 45. Kxf5 Ke7 46. Re6+ Kd8 47. Rd6+ Rd7 48. Rd5 Ke7 49. a4 Rh8 50. Kxe4 Rh5 51. Kf4 Rh4+ 0-1